Degrassi Characters (season 11) - Statistics

General Stats
  • This quiz has been taken 591 times
  • The average score is 11 of 15
Answer Stats
Hint Answer % Correct
A transgender student who is just trying to fit in. He enjoys video games and comic books Adam
96%
He enjoys punk/emo music and loves to write, And he used to drive a vintage hearse. He also has bipolar disorder. Eli
94%
A religious, smart, passionate, student whose big sister went to Degrassi as well. Clare
87%
A lesbian student who struggled with abuse, being an alcoholic, and feeling like an outcast. Fiona
83%
He is a laddies man, but has gone through hell just to be with the one he loves. Drew
81%
A perky teen mom Jenna
80%
He is good at sports and had a baby but gave it up K.C
80%
A stylish rebel who has a strict family. Her brother used to go to Degrassi. Alli
77%
She is weird, quirky, and odd. She has a unique sense of style Imogen
77%
She has a bad reputation, but is trying to change her old ways. Bianca
74%
She struggled with bulimia and had a painkiller addiction. She also used to be student council president. Katie
68%
He has Asperger's Syndrome and is uncomfortable in social situations. Conner
62%
A confident and charming student, wants to be a carpender. Jake
53%
The captain of the power squad and works at Little Miss Steaks. Marisol
48%
A student who just wants to be popular but often comes off as cocky and arrogant. Dave
40%
No matching quizzes found
Score Distribution
Percent of People with Each Score
Percentile by Number Answered
Your Score History
You have not taken this quiz